Detalles MARC
| 000 -LEADER |
| campo de control de longitud fija |
03169nam a22004817i 4500 |
| 001 - NÚMERO DE CONTROL |
| campo de control |
207 |
| 003 - IDENTIFICADOR DE NÚMERO DE CONTROL |
| campo de control |
gtuscu |
| 005 - FECHA Y HORA DE LA ÚLTIMA TRANSACCIÓN |
| campo de control |
20250205120311.0 |
| 007 - CAMPO FIJO DE DESCRIPCIÓN FÍSICA--INFORMACIÓN GENERAL |
| campo de control de longitud fija |
ta |
| 008 - DATOS DE LONGITUD FIJA--INFORMACIÓN GENERAL |
| campo de control de longitud fija |
250130e2019 gt abd|| |||| 001 0 spa d |
| 020 ## - NÚMERO INTERNACIONAL ESTÁNDAR DEL LIBRO |
| Número Internacional Estándar del Libro |
9789929592230 |
| 040 ## - FUENTE DE CATALOGACIÓN |
| Centro catalogador/agencia de origen |
gtuscu |
| Lengua de catalogación |
spa |
| Centro/agencia transcriptor |
gtuscu |
| Centro/agencia modificador |
gtuscu |
| Normas de descripción |
rda |
| 082 04 - NÚMERO DE LA CLASIFICACIÓN DECIMAL DEWEY |
| Número de clasificación |
CEUR 711.409 OL42 |
| 100 1# - ENTRADA PRINCIPAL--NOMBRE DE PERSONA |
| Nombre de persona |
Olayo, Luis, |
| Fechas asociadas al nombre |
1960- , |
| Término indicativo de función/relación |
autor |
| 245 ## - MENCIÓN DEL TÍTULO |
| Título |
Sub Región del área metropolitana de la Ciudad de Guatemala : |
| Resto del título |
elementos para su análisis e interpretación / |
| Mención de responsabilidad, etc. |
Luis Olayo, Ronald Peláez y Jorge Aragón. |
| 264 1# - PRODUCCIÓN, PUBLICACIÓN, DISTRIBUCIÓN, FABRICACIÓN Y COPYRIGHT |
| Producción, publicación, distribución, fabricación y copyright |
Guatemala : |
| Nombre del de productor, editor, distribuidor, fabricante |
Universidad de San Carlos de Guatemala, |
| Fecha de producción, publicación, distribución, fabricación o copyright |
2019. |
| 264 1# - PRODUCCIÓN, PUBLICACIÓN, DISTRIBUCIÓN, FABRICACIÓN Y COPYRIGHT |
| Producción, publicación, distribución, fabricación y copyright |
© 2019 |
| 300 ## - DESCRIPCIÓN FÍSICA |
| Extensión |
164 páginas : |
| Otras características físicas |
ilustraciones a color; |
| Dimensiones |
25 cm |
| 336 ## - TIPO DE CONTENIDO |
| Fuente |
rdacontenido |
| Término de tipo de contenido |
texto |
| Código de tipo de contenido |
txt |
| 337 ## - TIPO DE MEDIO |
| Fuente |
rdamedio |
| Nombre/término del tipo de medio |
sin mediación |
| Código del tipo de medio |
n |
| 338 ## - TIPO DE SOPORTE |
| Fuente |
rdasoporte |
| Nombre/término del tipo de soporte |
volumen |
| Código del tipo de soporte |
nc |
| 490 ## - MENCIÓN DE SERIE |
| Mención de serie |
Ordenamiento Territorial y Gestión del Riesgo; Volumen III |
| 505 0# - NOTA DE CONTENIDO CON FORMATO |
| Información miscelánea |
Listado de Acrónimos |
| 505 0# - NOTA DE CONTENIDO CON FORMATO |
| Información miscelánea |
Presentación |
| 505 0# - NOTA DE CONTENIDO CON FORMATO |
| Información miscelánea |
Introducción |
| 505 0# - NOTA DE CONTENIDO CON FORMATO |
| Título |
1. Delimitación del área de estudio -- |
| 505 0# - NOTA DE CONTENIDO CON FORMATO |
| Título |
2. Dinámicas territoriales de la SURES -- |
| 505 0# - NOTA DE CONTENIDO CON FORMATO |
| Título |
3. Suministro eléctrico y disposición vial -- |
| 505 0# - NOTA DE CONTENIDO CON FORMATO |
| Título |
4. Asentamientos humanos en condiciones de precariedad -- |
| 505 0# - NOTA DE CONTENIDO CON FORMATO |
| Título |
5. Gestión territorial -- |
| 505 0# - NOTA DE CONTENIDO CON FORMATO |
| Título |
6. Reflexiones finales -- |
| 505 0# - NOTA DE CONTENIDO CON FORMATO |
| Título |
7. Referencias. |
| 520 3# - RESUMEN, ETC. |
| Sumario, etc. |
Con una población que supera un millón y medio de habitantes, los municipios comprendidos dentro de la unidad territorial que es objeto de la presente exposición (Santa Catarina Pinula, Mixco, Amatitlán, Villa Nueva, Villa Canales y San Miguel Petapa), ocupan una superficie de 709.25 km2, equivalente al 33% del territorio correspondiente al Departamento de Guatemala, la Región I: Metropolitana, de acuerdo con el Decreto 70-86 que contiene la Ley Preliminar de Regionalización.<br/>Siguiendo el criterio de contigüidad espacial y para efectos del presente estudio,la zona bajo examen fue delimitada como Sub Región Sur (SURES) del departamento de Guatemala. En vista de la importancia que esta unidad territorial ha adquirido dentro del proceso de metrpolización durante el último cuarto de Siglo XX, el Centro de Estudios Urbanos y Regionales de la Universidad de San Carlos, consideró necesario efectuar estudios oportunos para la identificación de los procesos, dinámicas y funciones territoriales inherentes a tal espacio sub regional.<br/>Con ello, el CEUR espera que los resultados ofrecidos puedan ser tomados en cuenta en ejercicios prospectivos de planificación del territorio, en un esfuerzo dirigido hacia la identificación de los problemas de índole territorial en Guatemala, en consonancia con el compromiso ético Universidad-Sociedad que demanda nuestro presente.<br/> |
| 650 14 - PUNTO DE ACCESO ADICIONAL DE MATERIA--TÉRMINO DE MATERIA |
| Término de materia o nombre geográfico como elemento de entrada |
Urbanismo |
| Subdivisión geográfica |
sub región sur - áreas metropolitanas |
| 650 14 - PUNTO DE ACCESO ADICIONAL DE MATERIA--TÉRMINO DE MATERIA |
| Término de materia o nombre geográfico como elemento de entrada |
Desarrollo urbano |
| Subdivisión geográfica |
sub región sur - Guatemala |
| 650 14 - PUNTO DE ACCESO ADICIONAL DE MATERIA--TÉRMINO DE MATERIA |
| Término de materia o nombre geográfico como elemento de entrada |
Ordenamiento territorial |
| 650 14 - PUNTO DE ACCESO ADICIONAL DE MATERIA--TÉRMINO DE MATERIA |
| Término de materia o nombre geográfico como elemento de entrada |
Planificación regional |
| 650 14 - PUNTO DE ACCESO ADICIONAL DE MATERIA--TÉRMINO DE MATERIA |
| Término de materia o nombre geográfico como elemento de entrada |
Recursos naturales |
| 650 14 - PUNTO DE ACCESO ADICIONAL DE MATERIA--TÉRMINO DE MATERIA |
| Término de materia o nombre geográfico como elemento de entrada |
Crecimiento demográfico |
| 700 1# - ENTRADA AGREGADA--NOMBRE PERSONAL |
| Nombre de persona |
Peláez, Ronald |
| Fechas asociadas al nombre |
1970- , |
| Término indicativo de función/relación |
autor |
| 700 1# - ENTRADA AGREGADA--NOMBRE PERSONAL |
| Nombre de persona |
Aragón, Jorge |
| Fechas asociadas al nombre |
1976- , |
| Término indicativo de función/relación |
autor |
| 942 ## - ELEMENTOS DE ENTRADA SECUNDARIOS (KOHA) |
| Fuente de la clasificación o esquema de estantería |
Clasificación Decimal Dewey |
| Tipo de ítem Koha |
Libros |
| Suprimir en OPAC |
No |